| 000 | 00000nam##2200000za#4500 |
| 001 | 9.565934 |
| 003 | CaOODSP |
| 005 | 20210624180040 |
| 007 | cr ||||||||||| |
| 008 | 150406|2007||||xxc|||||o f|0| 0 eng|d |
| 040 | |aCaOODSP|beng |
| 043 | |an-cn--- |
| 086 | 1 |aTU3-7/07-3E-PDF |
| 110 | 2 |aTransportation Safety Board of Canada. |
| 245 | 10|aGrounding - chemical/products tanker Sichem Aneline, Port of Montréal, Quebec, 11 April 2007 |h[electronic resource] |
| 260 | |bTransportation Safety Board of Canada |c[2009]. |
| 300 | |a26p.|bglossary, illus., map, references, tables, photographs |
| 490 | 1 |aMarine investigation report |vM07L0040 |
| 590 | |a10-05-Supp|b2010-07-20 |
| 690 | 07|aMarine accidents|2gcpds |
| 775 | 08|tÉchouement du chimiquier/transporteur de produits Sichem Aneline dans le port de Montréal (Québec), le 11 avril 2007 |w(CaOODSP)9.597423 |
| 830 | #0|aMarine investigation report ;|vM07L0040|w(CaOODSP)9.504867 |
| 856 | 40|ahttp://publications.gc.ca|qPDF|s873 KB|uhttps://publications.gc.ca/collections/collection_2009/bst-tsb/TU3-7-07-3E.pdf|yM07L0040 |